书目信息 |
| 题名: |
高层建筑电气设计基础
|
|
| 作者: | 张九根 主编 | |
| 分册: | ||
| 出版信息: | 北京 中国建筑工业出版社 1998.06 |
|
| 页数: | 210页 | |
| 开本: | 16开 | |
| 丛书名: | ||
| 单 册: | ||
| 中图分类: | TU976 | |
| 科图分类: | ||
| 主题词: | 高层建筑--房屋建筑设备 | |
| 电子资源: | ||
| ISBN: | 7-112-03408-6 | |
| 000 | 00587nam0 2200193 45 | |
| 001 | 0011191154 | |
| 005 | 20010305101222.0 | |
| 010 | @a7-112-03408-6@d17.00元 | |
| 100 | @a20001119d1998 km y0chiy0120 ea | |
| 101 | 0 | @achi |
| 105 | @a z 000yy | |
| 200 | 1 | @a高层建筑电气设计基础@AGao Ceng Jian Zhu Dian Qi She Ji Ji Chu@f张九根主编@FZhang Jiu Gen Zhu Bian |
| 210 | @a北京@c中国建筑工业出版社@d1998.06 | |
| 215 | @a210页@d16开 | |
| 606 | 0 | @a高层建筑@x房屋建筑设备 |
| 690 | @aTU976@v3 | |
| 701 | 0 | @a张九根@4主编 |
| 801 | @aCN@bPftUser@c20001119 | |
| 905 | @dTU976@eZH269@b326277-279@f3 | |
| 高层建筑电气设计基础/张九根主编.-北京:中国建筑工业出版社,1998.06 |
| 210页;16开 |
| ISBN 7-112-03408-6:17.00元 |
| ● |
| 相关链接 |
|
|
|
正题名:高层建筑电气设计基础
索取号:TU976/ZH269
 
预约/预借
| 序号 | 登录号 | 条形码 | 馆藏地/架位号 | 状态 | 备注 |
| 1 | 326277 | 203262771 | 建筑库201/201建筑库 58排5列2层/ [索取号:TU976/ZH269] | 在馆 | |
| 2 | 326278 | 203262780 | 建筑库201/201建筑库 58排5列2层/ [索取号:TU976/ZH269] | 在馆 | |
| 3 | 326279 | 203262799 | 建筑库201/201建筑库 58排5列2层/ [索取号:TU976/ZH269] | 在馆 |